[Event "Bodenmais op"]
[Site "Bodenmais"]
[Date "2022.08.05"]
[Round "7"]
[White "Geigle, Bruno"]
[Black "Grabmeier, Johannes"]
[Result "1/2-1/2"]
[WhiteElo "2023"]
[BlackElo "1905"]
[PlyCount "85"]
[EventDate "2022.07.30"]
[EventType "swiss"]
[EventRounds "9"]
[EventCountry "GER"]
[SourceTitle "CBM 209 Extra"]
[Source "ChessBase"]
[SourceDate "2022.09.30"]
[SourceVersion "1"]
[SourceVersionDate "2022.09.30"]
[SourceQuality "1"]

1. e4 b6 2. d4 Bb7 3. Bd3 Nf6 4. Qe2 Nc6 5. c3 e5 6. d5 Ne7 7. c4 Ng6 8. Nc3 Bb4 9. g3 0-0 10. Bd2 d6 11. h4 h5 12. Nh3 Bc8 13. Bg5 Bxc3+ 14. bxc3 Bg4 15. f3 Bxh3 16. Rxh3 Qd7 17. Rh1 Nh7 18. Qc2 Ne7 19. 0-0-0 Nxg5 20. hxg5 g6 21. g4 h4 22. Rxh4 Kg7 23. Rdh1 Rh8 24. Qh2 Qd8 25. Rh6 Rg8 26. f4 exf4 27. Qxf4 Kf8 28. Rf1 Rg7 29. e5 dxe5 30. Qxe5 Qd6 31. Qf6 Ng8 32. Rh8 Qe7 33. Rf2 Re8 34. Re2 Qa3+ 35. Kb1 Rxe2 36. Bxe2 Qe7 37. Bd3 Qd7 38. Bc2 Rh7 39. d6 Rxh8 40. Qxh8 Qxd6 41. Qh1 a5 42. Qa8+ Kg7 43. Qf3 1/2-1/2

[Event "Bodenmais op"]
[Site "Bodenmais"]
[Date "2022.08.01"]
[Round "3"]
[White "Geigle, Bruno"]
[Black "Kerschenbauer, Franz"]
[Result "1/2-1/2"]
[WhiteElo "2023"]
[BlackElo "1898"]
[PlyCount "37"]
[EventDate "2022.07.30"]
[EventType "swiss"]
[EventRounds "9"]
[EventCountry "GER"]
[SourceTitle "CBM 209 Extra"]
[Source "ChessBase"]
[SourceDate "2022.09.30"]
[SourceVersion "1"]
[SourceVersionDate "2022.09.30"]
[SourceQuality "1"]

1. e4 g6 2. d4 Bg7 3. Nc3 d6 4. f4 Nf6 5. Nf3 0-0 6. Bd3 Nc6 7. e5 Nd7 8. Ne2 Nb4 9. Bc4 Nb6 10. Bb3 c5 11. c3 c4 12. cxb4 cxb3 13. Qxb3 Be6 14. Qd1 dxe5 15. fxe5 Nd5 16. Nf4 Nxf4 17. Bxf4 Qb6 18. 0-0 Qxb4 19. Qd2 1/2-1/2

[Event "Rhein Main op-A 15th"]
[Site "Bad Homburg"]
[Date "2012.06.07"]
[Round "2"]
[White "Geigle, Bruno"]
[Black "Schmid, Roland1111"]
[Result "1/2-1/2"]
[WhiteElo "2033"]
[BlackElo "2247"]
[PlyCount "43"]
[EventDate "2012.06.06"]
[EventType "swiss"]
[EventRounds "7"]
[EventCountry "GER"]
[SourceTitle "EXT 2013"]
[Source "ChessBase"]
[SourceDate "2012.11.22"]
[SourceVersion "1"]
[SourceVersionDate "2012.11.22"]
[SourceQuality "1"]

1. e4 e6 2. d4 d5 3. Nc3 Nf6 4. Bg5 Bb4 5. e5 h6 6. Bd2 Bxc3 7. bxc3 Ne4 8. Qg4 g6 9. Bd3 Nxd2 10. Kxd2 c5 11. h4 Nc6 12. Rh3 cxd4 13. cxd4 Qa5+ 14. c3 Qa3 15. Rc1 Bd7 16. Rf3 Ne7 17. Ne2 Ba4 18. Qf4 Rf8 19. Qxh6 Rc8 20. g4 b5 21. Ke1 Kd7 22. Qd2 1/2-1/2

[Event "Rhein Main op-A 15th"]
[Site "Bad Homburg"]
[Date "2012.06.07"]
[Round "3"]
[White "Haase, Reinhard"]
[Black "Geigle, Bruno"]
[Result "1-0"]
[WhiteElo "2147"]
[BlackElo "2033"]
[PlyCount "49"]
[EventDate "2012.06.06"]
[EventType "swiss"]
[EventRounds "7"]
[EventCountry "GER"]
[SourceTitle "EXT 2013"]
[Source "ChessBase"]
[SourceDate "2012.11.22"]
[SourceVersion "1"]
[SourceVersionDate "2012.11.22"]
[SourceQuality "1"]

1. c4 g6 2. Nf3 Bg7 3. d4 Nf6 4. Nc3 0-0 5. e4 d6 6. Be2 e5 7. dxe5 dxe5 8. Qxd8 Rxd8 9. Bg5 Nbd7 10. 0-0-0 Rf8 11. Nd5 c6 12. Ne7+ Kh8 13. Be3 Re8 14. Nxc8 Raxc8 15. Nd2 Nf8 16. g4 h5 17. gxh5 Nxh5 18. Bxh5 gxh5 19. Nf3 Ne6 20. Rd7 Rcd8 21. Rxf7 Rf8 22. Re7 Rxf3 23. Rxe6 Rf7 24. Rg1 Rdd7 25. Rg5 1-0

[Event "Rhein Main op 12th"]
[Site "Bad Homburg"]
[Date "2009.06.13"]
[Round "5"]
[White "Geigle, Bruno"]
[Black "Riha, Peter"]
[Result "1/2-1/2"]
[WhiteElo "2011"]
[BlackElo "1815"]
[PlyCount "91"]
[EventDate "2009.06.10"]
[EventType "swiss"]
[EventRounds "7"]
[EventCountry "GER"]
[SourceTitle "CBM 131 Extra"]
[Source "ChessBase"]
[SourceDate "2009.09.03"]
[SourceVersion "2"]
[SourceVersionDate "2009.09.16"]
[SourceQuality "1"]

1. e4 e5 2. Nf3 Nc6 3. Bb5 a6 4. Ba4 d6 5. Bxc6+ bxc6 6. d4 Bg4 7. dxe5 dxe5 8. Nbd2 f6 9. Qe2 Be6 10. 0-0 Bc5 11. Rd1 Qc8 12. Nb3 Bb6 13. Be3 Ne7 14. Nc5 Bxc5 15. Bxc5 Qb7 16. Qe3 Kf7 17. Bxe7 Kxe7 18. Qa3+ Kf7 19. Rd2 Rhd8 20. Rad1 Rxd2 21. Rxd2 Rb8 22. b3 Re8 23. h3 Re7 24. Ne1 c5 25. Qxc5 Qxe4 26. Qe3 Qxe3 27. fxe3 Rd7 28. Rxd7+ Bxd7 29. Nd3 Bf5 30. Nc5 Bc8 31. Kf2 Ke7 32. b4 Kd6 33. c4 a5 34. a3 axb4 35. axb4 Bf5 36. e4 Bg6 37. Ke3 Bf7 38. Nb7+ Kd7 39. Na5 g6 40. Kd3 f5 41. h4 Be6 42. Ke3 h6 43. Kf3 f4 44. Ke2 g5 45. hxg5 hxg5 46. Kf3 1/2-1/2

[Event "Rhein Main op 10th"]
[Site "Bad Homburg"]
[Date "2007.06.10"]
[Round "7"]
[White "Geigle, Bruno"]
[Black "Will, Patrick"]
[Result "1-0"]
[WhiteElo "2029"]
[BlackElo "1528"]
[PlyCount "119"]
[EventDate "2007.06.06"]
[EventType "swiss"]
[EventRounds "7"]
[EventCountry "GER"]
[SourceTitle "EXT 2008"]
[Source "ChessBase"]
[SourceDate "2007.11.25"]
[SourceVersion "1"]
[SourceVersionDate "2007.11.25"]
[SourceQuality "1"]

1. e4 d5 2. exd5 Qxd5 3. Nc3 Qa5 4. d4 c6 5. Bc4 Nf6 6. Bd2 Qc7 7. Nf3 Bf5 8. Qe2 e6 9. Bb3 Be7 10. h3 Nbd7 11. Nh4 Bg6 12. Nxg6 hxg6 13. 0-0-0 Nb6 14. Ne4 0-0-0 15. Ng5 Rxd4 16. Nxf7 Re4 17. Qd3 Rf8 18. Ng5 Rd8 19. Qf3 Qe5 20. Nxe4 Nxe4 21. Bf4 Bg5 22. Rxd8+ Kxd8 23. Bxg5+ Qxg5+ 24. Qe3 Qxe3+ 25. fxe3 Nd5 26. Bxd5 exd5 27. h4 Ke7 28. h5 Kf7 29. hxg6+ Kxg6 30. Rh8 Kf7 31. Rc8 Nd6 32. Rc7+ Kf6 33. b3 g5 34. Kd1 Ke5 35. Ke2 Kf5 36. Re7 Kf6 37. Rc7 Ke5 38. g4 a6 39. c4 dxc4 40. bxc4 Nxc4 41. Rxb7 a5 42. Kd3 Kd5 43. e4+ Kc5 44. Rg7 Ne5+ 45. Kc3 Nf3 46. Rf7 Nh4 47. Ra7 Kb6 48. Re7 Nf3 49. e5 Nh2 50. Rg7 Nxg4 51. e6 Nf6 52. e7 Ka6 53. Rf7 Ne4+ 54. Kd3 Nd6 55. Rf8 Kb5 56. e8Q Nxe8 57. Rxe8 Ka4 58. Kc4 Ka3 59. Re2 g4 60. Kc5 1-0

[Event "Hohenloher op 10th"]
[Site "Forchtenberg"]
[Date "2003.06.19"]
[Round "2"]
[White "Hoenick, Andreas"]
[Black "Geigle, Bruno"]
[Result "1/2-1/2"]
[WhiteElo "2180"]
[BlackElo "2020"]
[PlyCount "54"]
[EventDate "2003.06.19"]
[EventType "swiss"]
[EventRounds "7"]
[EventCountry "GER"]
[SourceTitle "EXT 2004"]
[Source "ChessBase"]
[SourceDate "2003.11.25"]
[SourceVersion "1"]
[SourceVersionDate "2003.11.25"]
[SourceQuality "1"]

1. d4 Nf6 2. c4 g6 3. Nc3 Bg7 4. e4 d6 5. h3 0-0 6. Bg5 c5 7. d5 a6 8. a4 Qa5 9. Bd2 Qc7 10. Nf3 e6 11. Bd3 exd5 12. cxd5 Nbd7 13. 0-0 c4 14. Bc2 Re8 15. Re1 b6 16. Bf4 Ne5 17. Nd4 Nfd7 18. Be3 Nc5 19. Rf1 Bb7 20. Rc1 Ned3 21. Bxd3 Nxd3 22. Rc2 Rac8 23. Rd2 Nc5 24. f3 Qd8 25. Re2 Qd7 26. Kh1 Nd3 27. Qd2 Nc5 1/2-1/2